| 000 | 01365nam a2200397 c 4500 | ||
|---|---|---|---|
| 001 | 53968 | ||
| 003 | ES-MaCES | ||
| 005 | 20251126143020.0 | ||
| 008 | 251117s2025 sp f 000 | spa d | ||
| 017 |
_aNA 15132-2025 _bDL |
||
| 020 | _a9788410852631 | ||
| 040 |
_aES-MaCES _bspa _cES-MaCES |
||
| 100 | 1 |
_916825 _aLópez Álvarez, María José |
|
| 245 | 1 | 0 |
_aRelaciones laborales colectivas _cMaría José López Álvarez, Ana Matorras Díaz-Caneja, José Manuel Sánchez-Cervera Valdés |
| 250 | _a5ª ed | ||
| 260 |
_aCizur Menor (Navarra) _bCivitas-Thomson Reuters _c2025 |
||
| 300 |
_a299 p. _c24 cm |
||
| 490 | 1 | _aTratados y manuales | |
| 500 | _aBibliografía | ||
| 541 | _cCompra | ||
| 650 | 4 |
_arelaciones laborales _928369 |
|
| 650 | 4 |
_aderechos sindicales _929470 |
|
| 650 | 4 |
_arepresentación de los trabajadores _928379 |
|
| 650 | 4 |
_aconvenio colectivo _928361 |
|
| 650 | 4 |
_anegociación colectiva _928362 |
|
| 650 | 4 |
_aderecho del trabajo _927165 |
|
| 650 | 4 |
_aEspaña _926964 |
|
| 650 | 4 |
_amanual _929264 |
|
| 653 | 1 | 0 | _aRelaciones laborales-Empleo |
| 700 | 1 |
_918157 _aMatorras Díaz-Caneja, Ana |
|
| 700 | 1 |
_940539 _aSánchez-Cervera Valdés, José Manuel |
|
| 775 | 0 |
_tRelaciones laborales colectivas _w(ES-MaCES)52941 |
|
| 830 | 0 |
_aTratados y manuales (Civitas) _932141 |
|
| 902 | _aLIB Libro | ||
| 942 |
_2CES _cBK _h2.0. |
||
| 999 |
_c53968 _d53968 |
||